[Event "4th Kings Tournament"]
[Site "Medias ROU"]
[Date "2010.06.15"]
[Round "2"]
[White "Gelfand, B."]
[Black "Nisipeanu, LD."]
[Result "1/2-1/2"]
[WhiteElo "2741"]
[BlackElo "2672"]
[PlyCount "63"]
[EventDate "2010.06.14"]

1. d4 d5 2. c4 dxc4 3. e4 e5 4. Nf3 exd4 5. Bxc4 Nc6 6. O-O Be6 7. Bb5 Bc5 8.
Nbd2 Nge7 9. Ng5 Qd7 10. Ndf3 f6 11. Nxe6 Qxe6 12. Nxd4 Bxd4 13. Qxd4 a6 14.
Qc4 Qd6 15. Qa4 O-O-O 16. Bc4 Ne5 17. Bb3 b5 18. Qa5 Kb7 19. Qc3 c5 20. Be3 c4
21. Rfd1 Qc7 22. Rxd8 Rxd8 23. Bd1 N7c6 24. Be2 Qa5 25. Qxa5 Nxa5 26. f4 Nec6
27. Rd1 Rxd1+ 28. Bxd1 Nb4 29. e5 fxe5 30. fxe5 Nac6 31. e6 Kc7 32. Bf4+
1/2-1/2

[Event "4th Kings Tournament"]
[Site "Medias ROU"]
[Date "2010.06.16"]
[Round "3"]
[White "Ponomariov, R."]
[Black "Radjabov, T."]
[Result "0-1"]
[WhiteElo "2733"]
[BlackElo "2740"]
[PlyCount "96"]
[EventDate "2010.06.14"]

1. d4 Nf6 2. c4 g6 3. Nc3 Bg7 4. e4 d6 5. f3 O-O 6. Nge2 e5 7. Bg5 c6 8. Qd2
Nbd7 9. d5 h6 10. Be3 cxd5 11. cxd5 a6 12. Nc1 b5 13. Be2 Nb6 14. O-O Kh7 15.
b4 Nh5 16. a4 Nc4 17. Bxc4 bxc4 18. N1e2 f5 19. exf5 gxf5 20. f4 Bd7 21. Rab1
Re8 22. Kh1 Rb8 23. Rf3 Nf6 24. h3 Nh5 25. Bg1 e4 26. Re3 Qh4 27. Bh2 Rg8 28.
Qd1 Rb7 29. Qf1 Rgb8 30. g3 Qd8 31. b5 axb5 32. axb5 Nf6 33. g4 Bxb5 34. Qg2
Bd7 35. Rg1 fxg4 36. hxg4 Nxg4 37. Rg3 Qh4 38. Rxg4 Bxg4 39. Qxg4 Qxg4 40. Rxg4
Rb2 41. f5 R8b3 42. f6 Bxf6 43. Nxe4 Bh8 44. N4g3 c3 45. Rc4 Be5 46. Nc1 Rb1
47. Nge2 R3b2 48. Bg1 Rc2 0-1

[Event "4th Kings Tournament"]
[Site "Medias ROU"]
[Date "2010.06.17"]
[Round "4"]
[White "Ponomariov, R."]
[Black "Nisipeanu, LD."]
[Result "1-0"]
[WhiteElo "2733"]
[BlackElo "2672"]
[PlyCount "71"]
[EventDate "2010.06.14"]

1. d4 Nf6 2. c4 e6 3. Nf3 c5 4. d5 b5 5. Bg5 b4 6. a3 a5 7. e4 h6 8. Bxf6 Qxf6
9. e5 Qd8 10. Bd3 g6 11. Nbd2 Bg7 12. Ne4 O-O 13. O-O exd5 14. cxd5 d6 15. Nxd6
Bg4 16. Re1 Bxe5 17. Nxf7 Rxf7 18. Rxe5 Bxf3 19. gxf3 Nd7 20. Re3 Qg5+ 21. Kh1
Ne5 22. Be2 Rd8 23. axb4 axb4 24. d6 Rf5 25. Qb3+ Kh8 26. Qe6 Nf7 27. d7 Kg7
28. Rg1 Qf6 29. Bd3 Rg5 30. Qe8 Rxg1+ 31. Kxg1 Qxb2 32. Re7 Qc1+ 33. Bf1 Qg5+
34. Kh1 Qf5 35. h3 b3 36. Bc4 1-0